Michal Kaščák: Festival nás nadchol, žiaľ, aj šokoval

Bibliographic Details
Other Authors: Bálik, Peter (Interviewer)
Format: Article
Language:Slovak
PhysicalDescription:Fotogr.
ISSN:1335-440X
Subjects:

MARC

LEADER 00000nab a2200000 a 4500
001 vtls008955723
003 SK-MaSNL
005 20260303070351.0
008 140512c20060717xo dr|p|||||||000 b|slo
015 |a SNBRB2007/03  |2 snkbucl 
038 |a SNKBUCL 
040 |a SNKBUCL  |b slo  |c SNKBUCL  |e AACR2 
041 |a slo 
044 |a xo  |c SK 
080 |a 78.079:784.66  |2 2001 
100 1 |a Bálik, Peter  |4 ivr  |9 290638 
245 1 0 |a Michal Kaščák: Festival nás nadchol, žiaľ, aj šokoval  |c Peter Bálik 
300 |b Fotogr. 
611 2 7 |a Bažant Pohoda  |n (10. :  |d 2006 :  |c Trenčín, Slovensko)  |2 snkbucl  |9 1058152 
651 7 |a Trenčín (Slovensko)  |2 snkbucl  |9 159956 
700 1 |a Kaščák, Michal,  |d 1972-  |4 ive 
773 0 |t Sme. Práca  |g Roč. 15, č. 163 (17.7.2006)  |x 1335-440X 
773 0 |t Kultúra  |g S. 12 
852 |a SNK  |b KIS3GCP 
958 |a SK 
999 |c 1755045  |d 1756975